| 000 | 01329nam a22003497a 4500 | ||
|---|---|---|---|
| 003 | CHAP | ||
| 005 | 20220329135759.0 | ||
| 008 | 971013s1987 r 00010 d | ||
| 010 | _a41982 | ||
| 011 | _a42954 | ||
| 035 | _a47084 | ||
| 040 | _cCHAP | ||
| 090 | _aTesis | ||
| 100 | 0 | 0 |
_aEscobedo Avila, Mariano Andrés. _937541 |
| 245 | _aAnálisis comparativo de márgenes de comercialización de frutas y hortalizas entre el mercado sobre ruedas de la Unidad habitacional ISSSTE y el mercado público San Antonio de Texcoco, México | ||
| 260 |
_aChapingo, Méx. ; El autor, _c1987 |
||
| 300 | _a102 h. | ||
| 502 | _aTesis (Ing. Agr. Esp. en Economía) -- UACH. Departamento de Economía Agrícola | ||
| 590 |
_aALEPH _b10 _c20130110 _lUCH01 _h1311 |
||
| 590 |
_aBATCH-UPD _b10 _c20130110 _lUCH01 _h2127 |
||
| 590 |
_aBATCH-UPD _b10 _c20130410 _lUCH01 _h1437 |
||
| 590 |
_aBATCH-UPD _b10 _c20130914 _lUCH01 _h1449 |
||
| 590 |
_aCONVERSION _b10 _c20130109 _lUCH01 _h1323 |
||
| 650 | 1 | 4 |
_aFruta _xMercadeo _xMéxico (Edo.) _943640 |
| 650 | 1 | 4 |
_aFruta _xPrecios. _943649 |
| 650 | 1 | 4 |
_aLegumbres _xMercadeo _xMéxico (Edo.) _965749 |
| 650 | 1 | 4 |
_aLegumbres _xPrecios _xMéxico (Edo.) _965772 |
| 901 | _aBK | ||
| 942 | _cFOLL | ||
| 949 |
_bBC _cTES _d-107131 _eTS1 _h19976 _i47084 _si |
||
| 949 |
_bBC _cTES _d-107132 _eTS2 _fc.2 _h19977 _i47084 _si |
||
| 999 |
_c41982 _d41982 |
||